Datum a čas kvízu
21.5
Celkem bodů
Celkový počet nahraných bodů na tomto kvízu bez doplňovacích otázek.
11.
Pořadí na kvízu
Konečné umístění týmu na tomto kvízu.
Zaznamenané odpovědi
| # | Otázka | Odpověď | Body | Výsledky |
|---|---|---|---|---|
| 1. | Dle volebního modelu STEM zveř... | čtvrtí | 1 | |
| 2. | Do dražby půjde zabavená luxus... | JP Morgan | 0 | |
| 3. | Minulý týden měl premiéru finá... | Volejte Saulovi/Better Call Saul | 1 | |
| 4. | Vědci z Melbournské univerzity... | vakovlk tasmánský/tasmánský tygr/tasmánský vlk/vakovlk | 0 | |
| 5. | Na ME v Mnichově se do finále... | Nikola Ogrodníková | 1 | |
| 6. | V tomto tématu stačí vždy odpo... | ANO | 0 | |
| 7. | Italský fotbalový klub AC Milá... | NE | 0 | |
| 8. | Moravská Třebová je město na v... | NE | 1 | |
| 9. | YouTube je internetový server... | NE | 0 | |
| 10. | Tolstolobik bílý je sladkovodn... | NE | 0 |